|
|
|
|
| LEADER |
01248nam a2200289 a 4500 |
| 001 |
013771476 |
| 003 |
BD-DhAAL |
| 005 |
20241209165512.0 |
| 008 |
091227s2007 enka b 001 0 eng d |
| 020 |
|
|
|a 9780194422109 (pbk.)
|
| 040 |
|
|
|a Uk
|c Uk
|d BD-DhAAL
|
| 082 |
0 |
0 |
|a 418/.007
|2 21
|
| 100 |
1 |
|
|a Willis, Dave.
|9 57264
|
| 245 |
1 |
2 |
|a Doing task-based teaching /
|c Dave Willis and Jane Willis.
|
| 260 |
|
|
|a Oxford :
|b Oxford University Press,
|c 2007.
|
| 300 |
|
|
|a xv, 278 p. :
|b ill. ;
|c 25 cm.
|
| 490 |
0 |
|
|a Oxford handbooks for language teachers
|
| 504 |
|
|
|a Includes bibliographical references and index.
|
| 526 |
|
|
|a AAL
|x Samina Nasrin Chowdhury
CFL(Present BIL)
Course name and no. CFL
|
| 541 |
1 |
|
|a Karim International
|e 00019615
|
| 650 |
|
0 |
|a Language and languages
|x Study and teaching.
|
| 650 |
|
0 |
|a Task analysis in education.
|9 57265
|
| 700 |
1 |
|
|a Willis, Jane R.
|9 57266
|
| 852 |
4 |
|
|a Ayesha Abed Library
|j General shelf
|
| 942 |
|
|
|2 ddc
|c BK
|
| 999 |
|
|
|c 6460
|d 6460
|
| 952 |
|
|
|0 0
|1 0
|2 ddc
|4 0
|6 418_007000000000000_WIL_2007
|7 0
|9 6546
|a BRACUL
|b BRACUL
|c GEN
|d 2009-12-27
|e Karim International
|g 1800.00
|l 12
|m 22
|o 418.007 WIL
|p 3010019615
|r 2024-10-09
|s 2024-03-04
|t 1
|w 2009-12-27
|y BK
|x Requisitioned by Samina Nasrin Chowdhury Department of CFL(Present BIL).
|